000 00503nam a22001577a 4500
005 20260211121148.0
008 260211b |||||||| |||| 00| 0 eng d
020 _a978-1-55860320-2
100 _aMUCHNICK, STEVEN S.
245 _aADVANCED COMPILER DESIGN IMPLEEMNTATIONSAN DIEGO
260 _aSAN DIEGO
_bACADEMIC PRESS
_c1997
300 _aXXIX,856P.
500 _aINCLUDES SUBJECT INDEX
650 _a1. COMPILERS (COMPUTER PROGRAMS) 2. SYSTEMES PROGRAMMING (COMPUTER SCIENCE)
942 _2lcc
_cBK
999 _c216572
_d216572